John A. Osborne Airport Destinations (Gerald's, Montserrat) - Statistics

General Stats
  • This quiz has been taken 16 times
  • The average score is 9 of 17
Answer Stats
Airline Destination % Correct
ABM Air/FlyMontserrat Antigua
100%
FlyMontserrat/Trans Anguilla Airways Anguilla
90%
FlyMontserrat Barbados
80%
FlyMontserrat Saint Kitts
80%
ABM Air/FlyMontserrat Barbuda
60%
FlyMontserrat Saint Barthélemy
60%
FlyMontserrat Saint Vincent
60%
FlyMontserrat/Winair Sint Maarten
60%
FlyMontserrat Dominica (Canefield)
50%
FlyMontserrat Dominica (Douglas-Charles)
50%
FlyMontserrat Nevis
40%
FlyMontserrat Pointe-à-Pitre
40%
FlyMontserrat Fort-de-France
30%
FlyMontserrat Saint Eustatius
20%
FlyMontserrat Tortola
20%
FlyMontserrat Castries
10%
FlyMontserrat Vieux Fort
0%
No matching quizzes found
Score Distribution
Percent of People with Each Score
Percentile by Number Answered
Your Score History
You have not taken this quiz